Use of appropriate fertiliser for rubber based on soil and leaf nutrient survey (Record no. 71807)

MARC details
000 -LEADER
fixed length control field 00481nam a2200169Ia 4500
100 ## - MAIN ENTRY--AUTHOR NAME
Personal name Guha M M
245 #0 - TITLE STATEMENT
Title Use of appropriate fertiliser for rubber based on soil and leaf nutrient survey
260 ## - PUBLICATION, DISTRIBUTION, ETC. (IMPRINT)
Name of publisher Rubber Research Institute of Ceylon Quarterly Journal
Year of publication 1971
300 ## - PHYSICAL DESCRIPTION
Number of Pages 160-167
650 ## - SUBJECT ADDED ENTRY--TOPICAL TERM
Topical Term Fertiliser
650 ## - SUBJECT ADDED ENTRY--TOPICAL TERM
Topical Term Nutrient survey
650 ## - SUBJECT ADDED ENTRY--TOPICAL TERM
Topical Term Rubber
700 ## - ADDED ENTRY--PERSONAL NAME
Personal name Chan H Y
700 ## - ADDED ENTRY--PERSONAL NAME
Personal name Singh M M
942 ## - ADDED ENTRY ELEMENTS (KOHA)
Koha item type Journals
Holdings
Withdrawn status Lost status Damaged status Not for loan Home library Current library Shelving location Date acquired Serial Enumeration / chronology Koha item type
      Journals RRII Library RRII Library Soils and agonomy 17/12/2021 Volume 48, Issue 04-Mar Journals